[Event "Ibercaja Open"]
[Site "Zaragoza"]
[Date "1992.??.??"]
[Round "?"]
[White "San Segundo Carrillo, Pablo"]
[Black "Ramo Frontinan, Cristobal"]
[Result "1/2-1/2"]
[WhiteElo "2410"]
[BlackElo "2380"]
[PlyCount "73"]
[EventDate "1992.??.??"]
[Source "www.chesslib.no"]
[SourceDate "2004.05.04"]

1. d4 Nf6 2. c4 e5 3. dxe5 Ne4 4. Nd2 Bb4 5. a3 Bxd2+ 6. Bxd2 Nxd2 7. Qxd2 Nc6 8. Nf3 Qe7 9. Qc3 b6 10. e3 Bb7 11. Be2 O-O-O 12. Rc1 Kb8 13. c5 Rc8 14. O-O g5 15. Bb5 g4 16. Bxc6 Bxc6 17. Nd4 Rhe8 18. Nxc6+ dxc6 19. Rfd1 Qxe5 20. Rd4 f5 21. Qd3 Kb7 22. Ra4 b5 23. Rd4 Re6 24. a4 a6 25. b4 Rh6 26. g3 f4 27. Rxf4 Qh5 28. h4 gxh3 29. Kh2 Qe5 30. Qd4 Qe7 31. axb5 axb5 32. Rd1 Rg8 33. Qd7 Qe5 34. Rf7 Rf6 35. Rxf6 Qxf6 36. f4 Qg6 37. Rg1 1/2-1/2

[Event "VISUS Open"]
[Site "?"]
[Date "2005.07.08"]
[Round "7"]
[White "Meduna Eduard"]
[Black "Netusil Miroslav"]
[Result "1-0"]
[WhiteElo "2453"]
[BlackElo "2333"]
[PlyCount "97"]
[EventDate "2005.??.??"]
[Source "www.chesslib.no"]
[SourceDate "2004.05.04"]

1. d4 Nf6 2. c4 e5 3. dxe5 Ne4 4. Qd4 Nc5 5. Nf3 d6 6. Bg5 Qd7 7. Nc3 Nc6 8. Rd1 Nb4 9. Qd2 dxe5 10. Qxd7+ Bxd7 11. Nxe5 Bf5 12. Nd3 Ncxd3+ 13. exd3 f6 14. Be3 O-O-O 15. d4 Nc2+ 16. Kd2 Nxd4 17. Kc1 Nc6 18. Rxd8+ Kxd8 19. Be2 Kc8 20. Rd1 h5 21. h4 a6 22. Nd5 Nb4 23. Nxb4 Bxb4 24. c5 c6 25. a3 Ba5 26. Bf4 Re8 27. Bf3 Bg4 28. Bxg4+ hxg4 29. b4 Bc7 30. Bxc7 Kxc7 31. Rd4 f5 32. Kd2 g6 33. Rd6 Rg8 34. Rf6 Rg7 35. Ke3 Re7+ 36. Kf4 Re2 37. Rxg6 Rxf2+ 38. Kg3 Ra2 39. h5 Rxa3+ 40. Kf4 Ra2 41. Rg7+ Kb8 42. h6 Rxg2 43. h7 Rf2+ 44. Kg5 Rh2 45. Rg8+ Ka7 46. h8=Q Rxh8 47. Rxh8 a5 48. bxa5 Ka6 49. Kxf5 1-0

[Event "Coruna"]
[Site "?"]
[Date "1996.??.??"]
[Round "8"]
[White "Nedobora, Mikhail"]
[Black "Lezcano, Pedro"]
[Result "1-0"]
[WhiteElo "2465"]
[BlackElo "2320"]
[PlyCount "73"]
[EventDate "1996.??.??"]
[Source "www.chesslib.no"]
[SourceDate "2004.05.04"]

1. d4 Nf6 2. c4 e5 3. dxe5 Ne4 4. Nf3 Nc6 5. a3 d6 6. exd6 Bxd6 7. Nbd2 Bf5 8. Nxe4 Bxe4 9. Bg5 f6 10. Be3 Qe7 11. Qa4 O-O 12. Nd2 Bg6 13. g3 Ne5 14. Qb3 Kh8 15. Bh3 Bh5 16. O-O Bxe2 17. Rfe1 Bh5 18. Bg2 Rfe8 19. Qc3 Nc6 20. Nf3 Qf7 21. c5 Bxf3 22. Bxf3 Be5 23. Qc2 Nd4 24. Bxd4 Bxd4 25. Rxe8+ Qxe8 26. Rd1 Qe5 27. b4 c6 28. Qc4 Rd8 29. Kg2 f5 30. Qf7 Rb8 31. Qd7 Bb2 32. Rd3 Qf6 33. b5 Qf8 34. bxc6 bxc6 35. Qxc6 Rc8 36. Qb7 Rxc5 37. Qxb2 1-0

[Event "Essen op"]
[Site "Essen"]
[Date "2000.??.??"]
[Round "8"]
[White "Becker, Marc"]
[Black "Heinzel, Olaf"]
[Result "1/2-1/2"]
[WhiteElo "2413"]
[BlackElo "2369"]
[PlyCount "27"]
[EventDate "2000.??.??"]
[Source "www.chesslib.no"]
[SourceDate "2004.05.04"]

1. d4 Nf6 2. c4 e5 3. dxe5 Ne4 4. Nf3 Nc6 5. Nbd2 Bb4 6. a3 Nxd2 7. Bxd2 Bxd2+ 8. Qxd2 Qe7 9. Qc3 O-O 10. e3 Re8 11. Be2 Nxe5 12. O-O d6 13. Rfe1 Bd7 14. Rad1 1/2-1/2

[Event "Schoeneck Open"]
[Site "Schoeneck"]
[Date "1988.??.??"]
[Round "3"]
[White "Mohr, Stefan"]
[Black "Schebler, Gerhard"]
[Result "1-0"]
[WhiteElo "2470"]
[BlackElo "2300"]
[PlyCount "53"]
[EventDate "1988.??.??"]
[Source "www.chesslib.no"]
[SourceDate "2004.05.04"]

1. d4 Nf6 2. c4 e5 3. dxe5 Ne4 4. Nf3 Bb4+ 5. Nbd2 Nc6 6. a3 Nxd2 7. Nxd2 Bxd2+ 8. Bxd2 Nxe5 9. Bc3 Qe7 10. Qd4 f6 11. e4 d6 12. Be2 Be6 13. b3 a5 14. f4 Nc6 15. Qd3 O-O 16. O-O Rae8 17. Bh5 Bf7 18. Bf3 Kh8 19. Bb2 Be6 20. Rfe1 Qf7 21. Rac1 f5 22. Qc3 Re7 23. exf5 Qxf5 24. Re3 Rfe8 25. Rce1 Qf7 26. Bxc6 bxc6 27. f5 1-0

[Event "50 years Echiquier Belge"]
[Site "50 years Echiquier Belge"]
[Date "1991.??.??"]
[Round "?"]
[White "Delabie, Jan"]
[Black "Beyen, Roland"]
[Result "1-0"]
[WhiteElo "2360"]
[BlackElo "2410"]
[PlyCount "65"]
[EventDate "1991.??.??"]
[Source "www.chesslib.no"]
[SourceDate "2004.05.04"]

1. d4 Nf6 2. c4 e5 3. dxe5 Ne4 4. Nf3 Bb4+ 5. Bd2 Nxd2 6. Nbxd2 Nc6 7. a3 Bxd2+ 8. Qxd2 Qe7 9. Qc3 b6 10. Rc1 Bb7 11. c5 b5 12. e3 a6 13. b4 O-O 14. Bd3 f6 15. Be4 fxe5 16. Nxe5 Qxe5 17. Qxe5 Nxe5 18. Bxb7 Nd3+ 19. Kd2 Nxc1 20. Bd5+ Kh8 21. Bxa8 Rxa8 22. Kxc1 Kg8 23. Rd1 Rd8 24. a4 Kf7 25. a5 Ke6 26. Rd4 Ke5 27. Kd2 d6 28. cxd6 Rxd6 29. f4+ Ke6 30. Rxd6+ Kxd6 31. e4 c5 32. bxc5+ Kxc5 33. Kc3 1-0

[Event "FRA-chT 9900"]
[Site "France"]
[Date "2000.04.30"]
[Round "10.4"]
[White "Kazhgaleyev, Murtas"]
[Black "Toulzac, Pierre Yves"]
[Result "1-0"]
[WhiteElo "2505"]
[BlackElo "2262"]
[PlyCount "99"]
[EventDate "2000.02.04"]
[Source "www.chesslib.no"]
[SourceDate "2004.05.04"]

1. d4 Nf6 2. c4 e5 3. dxe5 Ne4 4. Nf3 Bb4+ 5. Nbd2 d5 6. a3 Bxd2+ 7. Nxd2 O-O 8. g3 Nxd2 9. Bxd2 dxc4 10. Bg2 Qe7 11. Bc3 c6 12. Qd4 Be6 13. Rd1 Na6 14. O-O Rfd8 15. Qe3 Bd5 16. Bh3 c5 17. f4 Bc6 18. f5 Rxd1 19. Rxd1 Rd8 20. Rxd8+ Qxd8 21. f6 Nc7 22. Qxc5 Qd5 23. Qxd5 Bxd5 24. Kf2 g6 25. Ke3 Ne6 26. Bb4 g5 27. Bg4 Nd8 28. Bc5 Nc6 29. Bc8 b6 30. Bd6 Nd8 31. Bb8 Nc6 32. Bb7 a6 33. Bc7 Nb4 34. Bc8 c3 35. bxc3 Nc2+ 36. Kd3 Nxa3 37. Bxa6 b5 38. Bd6 Bc4+ 39. Kd4 Nb1 40. Bb4 Nd2 41. Kc5 Nf1 42. Bxb5 Be6 43. Kd6 Nxh2 44. Bd7 Bxd7 45. Kxd7 Ng4 46. Bd6 h5 47. c4 h4 48. gxh4 gxh4 49. e6 h3 50. e7 1-0

[Event "San Sebastian Open"]
[Site "San Sebastian ESP"]
[Date "1995.??.??"]
[Round "5"]
[White "Roeder, Mathias"]
[Black "Lopez Jimenez, Armando"]
[Result "1-0"]
[WhiteElo "2440"]
[BlackElo "2325"]
[PlyCount "49"]
[EventDate "1995.??.??"]
[Source "www.chesslib.no"]
[SourceDate "2004.05.04"]

1. d4 Nf6 2. c4 e5 3. dxe5 Ne4 4. a3 d6 5. Nf3 Bf5 6. g3 Nc6 7. Bg2 Nxe5 8. Nh4 Qf6 9. Nxf5 Qxf5 10. O-O c6 11. Qc2 d5 12. cxd5 cxd5 13. Nc3 Rc8 14. Qa4+ Nc6 15. Nxe4 dxe4 16. Bxe4 Qe6 17. Be3 b5 18. Bxc6+ Qxc6 19. Qxa7 Be7 20. Rac1 Qe6 21. Rxc8+ Qxc8 22. Rc1 Qe6 23. Qb8+ Bd8 24. Rd1 Qf6 25. Qxb5+ 1-0

[Event "Staatsliga B Sued 2000/2001"]
[Site "Suhl"]
[Date "2001.02.24"]
[Round "7"]
[White "Tabernig, Bernhard"]
[Black "Schlindwein, Rolf"]
[Result "1/2-1/2"]
[WhiteElo "2323"]
[BlackElo "2441"]
[PlyCount "101"]
[EventDate "2001.??.??"]
[Source "www.chesslib.no"]
[SourceDate "2004.05.04"]

1. d4 Nf6 2. c4 e5 3. dxe5 Ne4 4. Qc2 d5 5. Nd2 Bf5 6. Qa4+ Nc6 7. Ngf3 Nc5 8. Qd1 dxc4 9. Nxc4 Qxd1+ 10. Kxd1 Ne4 11. Ke1 Bb4+ 12. Bd2 Nxd2 13. Ncxd2 O-O-O 14. a3 Nd4 15. Nxd4 Bxd2+ 16. Kxd2 Rxd4+ 17. Kc3 Rd5 18. e4 Bxe4 19. Re1 Bf5 20. Bc4 Rd7 21. Rd1 Rhd8 22. Rxd7 Rxd7 23. f4 c5 24. h3 Be6 25. Bd3 Rd4 26. g3 g6 27. h4 h5 28. b4 b6 29. Rh2 Bf5 30. Bxf5+ gxf5 31. bxc5 bxc5 32. Re2 Kd7 33. Rb2 Ra4 34. Rb7+ Ke6 35. Kb3 Re4 36. Rxa7 Re3+ 37. Kc4 Rxg3 38. Ra6+ Ke7 39. a4 Rg4 40. Kxc5 Rxf4 41. a5 Rxh4 42. Rf6 Ra4 43. Kb5 Ra1 44. Rxf5 Rb1+ 45. Kc6 Rc1+ 46. Kb7 Rb1+ 47. Ka7 h4 48. Rh5 Ke6 49. a6 h3 50. Rxh3 Kxe5 51. Rh7 1/2-1/2

[Event "Kecskemet2"]
[Site "?"]
[Date "1991.05.22"]
[Round "12"]
[White "Barsov Alexei"]
[Black "Brandics Jozsef"]
[Result "1-0"]
[WhiteElo "2425"]
[BlackElo "2335"]
[PlyCount "111"]
[EventDate "1991.??.??"]
[Source "www.chesslib.no"]
[SourceDate "2004.05.04"]

1. d4 Nf6 2. c4 e5 3. dxe5 Ne4 4. a3 Qh4 5. g3 Qh5 6. Bg2 Qxe5 7. Nf3 Qh5 8. Nbd2 Nxd2 9. Bxd2 Be7 10. Bc3 O-O 11. Qd5 Qxd5 12. cxd5 c5 13. e4 d6 14. O-O Nd7 15. e5 Nb6 16. Nd2 Bf5 17. Rfe1 Rad8 18. a4 Bc2 19. a5 Na4 20. exd6 Bxd6 21. Nc4 Nxc3 22. bxc3 Bd3 23. Nxd6 Rxd6 24. Re7 Rb8 25. Rae1 Bb5 26. Rc7 b6 27. Rxa7 bxa5 28. Rxa5 Kf8 29. Rb1 Rdb6 30. Bf1 c4 31. Rb2 Bd7 32. Rxb6 Rxb6 33. Bxc4 Ke7 34. Kg2 Kd6 35. Ra6 Rxa6 36. Bxa6 Kxd5 37. h3 Be6 38. h4 Bg4 39. Kf1 h6 40. Ke1 g5 41. Kd2 f5 42. f4 gxf4 43. gxf4 Bh3 44. Ke3 Bg4 45. Kf2 Kc6 46. Be2 h5 47. Bxg4 fxg4 48. Ke3 Kd5 49. Kd3 Kd6 50. Kd4 Ke6 51. Ke4 Kd6 52. c4 Kc5 53. f5 Kd6 54. Kf4 g3 55. Kxg3 Kc5 56. f6 1-0

[Event "HUN-chT 0203"]
[Site "?"]
[Date "2003.03.23"]
[Round "9"]
[White "Popovics Adam"]
[Black "Szabolcsi Janos"]
[Result "1-0"]
[WhiteElo "2351"]
[BlackElo "2409"]
[PlyCount "65"]
[EventDate "2003.??.??"]
[Source "www.chesslib.no"]
[SourceDate "2004.05.04"]

1. d4 Nf6 2. c4 e5 3. dxe5 Ne4 4. Nf3 Bb4+ 5. Nbd2 Nc6 6. a3 Bxd2+ 7. Bxd2 Nxd2 8. Qxd2 Qe7 9. Qc3 b6 10. e3 Bb7 11. O-O-O O-O-O 12. Bd3 g5 13. Bf5 h5 14. Rxd7 Rxd7 15. Bxd7+ Qxd7 16. e6 Qe8 17. exf7 Qf8 18. Nxg5 Rh6 19. Rd1 Kb8 20. Qd3 Bc8 21. Qe4 Kb7 22. Qf4 a5 23. e4 Be6 24. e5 Nb8 25. Rd8 Qxd8 26. f8=Q Qxf8 27. Qxf8 Rg6 28. Nxe6 Rxe6 29. Qf3+ Nc6 30. b4 axb4 31. axb4 Kc8 32. Qd5 Rg6 33. e6 1-0

[Event "Ruhrgebiet VK1 Team Ch 9596"]
[Site "GER"]
[Date "1996.??.??"]
[Round "?"]
[White "Khenkin, Igor"]
[Black "Kloster, Josef"]
[Result "1-0"]
[WhiteElo "2575"]
[BlackElo "2185"]
[PlyCount "61"]
[EventDate "1995.??.??"]
[Source "www.chesslib.no"]
[SourceDate "2004.05.04"]

1. d4 Nf6 2. c4 e5 3. dxe5 Ne4 4. a3 d6 5. Qd4 Nc5 6. exd6 Ne6 7. Qd1 Bxd6 8. Nf3 Nc6 9. Nc3 O-O 10. e3 a5 11. Be2 Nc5 12. b3 Qf6 13. Bb2 Rd8 14. Ra2 Qg6 15. Nd5 Be6 16. O-O Bh3 17. Nh4 Qg5 18. f4 Qxh4 19. gxh3 Ne7 20. Bg4 c6 21. Nb6 Rab8 22. Qd4 Qh6 23. b4 axb4 24. axb4 Na6 25. Nd7 Bxb4 26. Qb6 Rxd7 27. Bxd7 Bc5 28. Qb3 Qd6 29. Bg4 Nb4 30. Be5 Qg6 31. Rg2 1-0

[Event "Groningen GAM"]
[Site "Groningen NED"]
[Date "1990.??.??"]
[Round "?"]
[White "Boersma, Paulus A"]
[Black "Hoeksema, Hendrik Pieter"]
[Result "1-0"]
[WhiteElo "2395"]
[BlackElo "2365"]
[PlyCount "57"]
[EventDate "1990.??.??"]
[Source "www.chesslib.no"]
[SourceDate "2004.05.04"]

1. d4 Nf6 2. c4 e5 3. dxe5 Ne4 4. a3 Qh4 5. Be3 Bc5 6. Bxc5 Nxc5 7. Nf3 Qxc4 8. Nc3 Qb3 9. Qxb3 Nxb3 10. Rd1 Nc5 11. e3 Nc6 12. Bc4 a6 13. Nd5 Kd8 14. Nf4 Ke7 15. Nd5+ Kd8 16. Nf4 Ke7 17. h4 b5 18. Bd5 Bb7 19. h5 Rab8 20. h6 g6 21. b4 Ne6 22. Be4 Nxf4 23. exf4 a5 24. f5 gxf5 25. Bxf5 Rbd8 26. Rh4 axb4 27. axb4 Nb8 28. Nd4 Bxg2 29. f3 1-0

[Event "Ch (1/2 final)"]
[Site "Uzhgorod"]
[Date "1972.??.??"]
[Round "?"]
[White "Averkin, Orest N"]
[Black "Pavlenko, Oleg"]
[Result "1/2-1/2"]
[WhiteElo "2460"]
[BlackElo "2300"]
[PlyCount "60"]
[EventDate "1972.??.??"]
[Source "www.chesslib.no"]
[SourceDate "2004.05.04"]

1. d4 Nf6 2. c4 e5 3. dxe5 Ne4 4. Nf3 Bb4+ 5. Nbd2 Nc6 6. a3 Bxd2+ 7. Bxd2 Nxd2 8. Qxd2 Qe7 9. Qc3 O-O 10. Rd1 b6 11. e3 Re8 12. Rd5 Bb7 13. Be2 Rad8 14. O-O Nb8 15. Rd2 a5 16. Rfd1 h6 17. b4 Bxf3 18. gxf3 axb4 19. axb4 Nc6 20. f4 Nxb4 21. Bf3 Na6 22. Kh1 Nc5 23. Rg1 Rf8 24. Rd5 Kh8 25. Qc2 d6 26. Qf5 dxe5 27. fxe5 Qe6 28. Qf4 Qe7 29. Qf5 Qe6 30. Qf4 Qe7 1/2-1/2

[Event "ESP-chTA"]
[Site "Oropesa del Mar"]
[Date "1996.??.??"]
[Round "2"]
[White "Campos Moreno, Javier B"]
[Black "Carpintero, Javier"]
[Result "1-0"]
[WhiteElo "2485"]
[BlackElo "2270"]
[PlyCount "33"]
[EventDate "1996.??.??"]
[Source "www.chesslib.no"]
[SourceDate "2004.05.04"]

1. d4 Nf6 2. c4 e5 3. dxe5 Ne4 4. Nf3 Nc6 5. e3 d6 6. exd6 Bxd6 7. Be2 Qf6 8. O-O Bf5 9. Nd4 O-O-O 10. Nc3 Bxh2+ 11. Kxh2 Nxd4 12. exd4 Rxd4 13. Qe1 Re8 14. Nd5 Qh4+ 15. Kg1 Nc5 16. Be3 Ne6 17. f3 1-0

[Event "UKR-chT"]
[Site "Alushta"]
[Date "2000.??.??"]
[Round "8"]
[White "Zubarev, Alexander"]
[Black "Kirnos, Evgeni"]
[Result "1-0"]
[WhiteElo "2476"]
[BlackElo "2278"]
[PlyCount "59"]
[EventDate "2000.04.15"]
[Source "www.chesslib.no"]
[SourceDate "2004.05.04"]

1. d4 Nf6 2. c4 e5 3. dxe5 Ne4 4. Nf3 b6 5. Nbd2 Bb7 6. Qc2 Nc5 7. b3 Nc6 8. Bb2 d6 9. a3 dxe5 10. b4 Ne6 11. e3 f6 12. Bd3 Qd7 13. Bxh7 O-O-O 14. O-O-O Bxb4 15. Nb3 Bd6 16. c5 bxc5 17. Bf5 Qe7 18. Qc4 Rhe8 19. Nfd2 Nb8 20. Na5 c6 21. Nxb7 Kxb7 22. Ne4 Nd7 23. Rd3 Bc7 24. Rb3+ Bb6 25. a4 Nc7 26. Ba3 Ka8 27. a5 Bxa5 28. Nxc5 Nb5 29. Rxb5 Bd2+ 30. Kc2 1-0

[Event "Komercni Banka op"]
[Site "?"]
[Date "1996.??.??"]
[Round "9"]
[White "Tunik Gennady"]
[Black "Heinzel Olaf"]
[Result "1/2-1/2"]
[WhiteElo "2440"]
[BlackElo "2310"]
[PlyCount "84"]
[EventDate "1996.??.??"]
[Source "www.chesslib.no"]
[SourceDate "2004.05.04"]

1. d4 Nf6 2. c4 e5 3. dxe5 Ne4 4. a3 a5 5. Nd2 Nc5 6. Ngf3 Nc6 7. Nb3 Qe7 8. Nxc5 Qxc5 9. Qd5 b6 10. Be3 Qe7 11. Bg5 Qe6 12. e3 h6 13. Bf4 g5 14. Bg3 Bb7 15. Qxe6+ dxe6 16. Nd4 O-O-O 17. Nxc6 Bxc6 18. h4 g4 19. h5 Be7 20. Bh4 Bxh4 21. Rxh4 Rhg8 22. Be2 Rg5 23. Rd1 Rxd1+ 24. Bxd1 Kb7 25. Bxg4 Rxe5 26. Bh3 Rg5 27. f3 a4 28. Rf4 f5 29. Rh4 Be8 30. g4 fxg4 31. Bxg4 e5 32. Kd2 Kc6 33. Kd3 Bf7 34. Kc3 Kc5 35. f4 exf4 36. exf4 Rg8 37. Bd1 Rg3+ 38. Kd2 Rg2+ 39. Kc1 Bxc4 40. Bxa4 Rg1+ 41. Kd2 Rg2+ 42. Kc1 Rg1+ 1/2-1/2

[Event "Olivos Open"]
[Site "Olivos"]
[Date "1993.??.??"]
[Round "6"]
[White "Ricardi, Pablo"]
[Black "Perez Pietronave, Carlos"]
[Result "1-0"]
[WhiteElo "2480"]
[BlackElo "2265"]
[PlyCount "39"]
[EventDate "1993.??.??"]
[Source "www.chesslib.no"]
[SourceDate "2004.05.04"]

1. d4 Nf6 2. c4 e5 3. dxe5 Ne4 4. a3 b6 5. Nf3 Bb7 6. Nbd2 a5 7. Nxe4 Bxe4 8. g3 Nc6 9. Bg2 Nxe5 10. Qd4 Nxf3+ 11. exf3 Bc6 12. O-O Qe7 13. Bh6 O-O-O 14. Bxg7 Bxg7 15. Qxg7 h5 16. h4 Qc5 17. Qc3 d5 18. b4 Qxc4 19. Qf6 Kb7 20. Rfc1 1-0

[Event "Marseille (4eme tournoi)"]
[Site "?"]
[Date "2003.??.??"]
[Round "2.7"]
[White "Genov Petar"]
[Black "Leygue Dominique"]
[Result "1-0"]
[WhiteElo "2490"]
[BlackElo "2253"]
[PlyCount "43"]
[EventDate "2003.??.??"]
[Source "www.chesslib.no"]
[SourceDate "2004.05.04"]

1. d4 Nf6 2. c4 e5 3. dxe5 Ne4 4. Nf3 b6 5. Nbd2 Bb7 6. a3 d6 7. Nxe4 Bxe4 8. Qd4 d5 9. Bg5 c5 10. Qd2 f6 11. exf6 gxf6 12. Bh4 Bg7 13. e3 Nc6 14. cxd5 Qxd5 15. Qxd5 Bxd5 16. Ba6 f5 17. O-O-O Be4 18. Ng5 Na5 19. Nxe4 fxe4 20. Bb5+ Kf7 21. Rd7+ Kg6 22. Rhd1 1-0

[Event "otb"]
[Site "otb"]
[Date "2007.04.09"]
[Round "2"]
[White "Adly Ahmed"]
[Black "Al Badani Abdu"]
[Result "1-0"]
[WhiteElo "2503"]
[BlackElo "2235"]
[PlyCount "85"]
[Source "www.chesslib.no"]
[SourceDate "2004.05.04"]

1. d4 Nf6 2. c4 e5 3. dxe5 Ne4 4. Nf3 Bc5 5. e3 d6 6. Bd3 Ng5 7. exd6 Bxd6 8. Nxg5 Qxg5 9. O-O Bg4 10. Qa4+ Nd7 11. f4 Qh5 12. Nc3 O-O 13. Ne4 Nc5 14. Nxc5 Bxc5 15. b4 Rad8 16. Be4 Rfe8 17. Bxb7 Re6 18. bxc5 Rh6 19. h3 Bxh3 20. Bf3 Qh4 21. Rd1 Rf8 22. gxh3 Qxh3 23. Bg2 Qh2+ 24. Kf1 Rg6 25. Qc2 h5 26. Rd2 Rg3 27. Qf5 h4 28. Qh7+ Kxh7 29. Be4+ f5 30. Bxf5+ Rxf5 31. Rxh2 g5 32. Bd2 Rxc5 33. Rc1 Kg6 34. Ke2 gxf4 35. Rxh4 Rg2+ 36. Kd3 fxe3 37. Bxe3 Ra5 38. Rh6+ Kg7 39. Rch1 Ra3+ 40. Ke4 Rg4+ 41. Kf5 Rxc4 42. Rg6+ Kf8 43. Rh8+ 1-0

[Event "St Quentin op"]
[Site "St Quentin"]
[Date "1999.04.22"]
[Round "6"]
[White "Legky, Nikolay A"]
[Black "Toulzac, Pierre Yves"]
[Result "1-0"]
[WhiteElo "2487"]
[BlackElo "2250"]
[PlyCount "141"]
[EventDate "1999.04.??"]
[Source "www.chesslib.no"]
[SourceDate "2004.05.04"]

1. d4 Nf6 2. c4 e5 3. dxe5 Ne4 4. Nf3 Bb4+ 5. Nbd2 d5 6. exd6 Qxd6 7. a3 Bxd2+ 8. Bxd2 Qf6 9. Be3 Nc6 10. Qd5 Nd6 11. O-O-O Be6 12. Qg5 Qxg5 13. Nxg5 Bxc4 14. Bc5 O-O-O 15. Bxd6 cxd6 16. e3 Bxf1 17. Rhxf1 Rd7 18. Rd5 h6 19. Ne4 Kc7 20. Rfd1 Rhd8 21. Nc3 Ne7 22. Ra5 a6 23. e4 Ra8 24. b4 b6 25. Rh5 Rc8 26. Kb2 Kb7 27. Rh3 Ng6 28. Nd5 Ne5 29. Rc3 Nc4+ 30. Kb3 b5 31. f3 h5 32. Rdc1 Nd2+ 33. Kc2 Rxc3+ 34. Kxc3 Nc4 35. Ra1 Rd8 36. a4 Rc8 37. axb5 axb5 38. Kd4 Ne5 39. Ne3 Nc6+ 40. Kc3 g6 41. Rd1 Ne7+ 42. Kb3 Rc6 43. h4 Ra6 44. Nc2 Kc7 45. Nd4 Kb6 46. Ne2 Kc7 47. Nc3 Rb6 48. g4 hxg4 49. fxg4 Kd7 50. h5 gxh5 51. gxh5 Ke6 52. h6 Rb8 53. Rh1 f5 54. h7 Rh8 55. exf5+ Kxf5 56. Nxb5 Nc6 57. Nc7 Kg6 58. Ne6 Ne5 59. b5 Nd7 60. Rg1+ Kf6 61. Ng5 Nf8 62. Kc4 Nxh7 63. Nxh7+ Rxh7 64. b6 Ke6 65. Rg8 d5+ 66. Kc5 d4 67. Re8+ Kd7 68. b7 Kxe8 69. b8=Q+ Kd7 70. Kxd4 Rg7 71. Ke5 1-0

[Event "Ch Colombia"]
[Site "Cartagena (Colombia)"]
[Date "2007.06.16"]
[Round "5"]
[White "Castro Oscar H (COL)"]
[Black "Nunez Guzman Jose Luis (MEX)"]
[Result "1-0"]
[WhiteElo "2386"]
[BlackElo "2349"]
[PlyCount "67"]
[EventDate "2007.??.??"]
[Source "www.chesslib.no"]
[SourceDate "2004.05.04"]

1. d4 Nf6 2. c4 e5 3. dxe5 Ne4 4. Nf3 Bb4+ 5. Bd2 Qe7 6. Bxb4 Qxb4+ 7. Nbd2 Nxd2 8. Qxd2 Qe7 9. Qg5 Qb4+ 10. Nd2 O-O 11. O-O-O b5 12. e3 bxc4 13. a3 Qa5 14. Nxc4 Qc5 15. b4 Qb5 16. Qe7 Na6 17. Nb2 Qc6+ 18. Bc4 d6 19. exd6 Be6 20. Rd4 Qxg2 21. Rhd1 Bxc4 22. Rxc4 cxd6 23. Qxd6 Qb7 24. Qc6 Qc8 25. Rd6 Qxc6 26. Rdxc6 Nb8 27. Rc7 Rd8 28. Kc2 Kf8 29. Nd3 Nd7 30. Rd4 Ke8 31. Kc3 a6 32. Nc5 Nb6 33. Rxd8+ Rxd8 34. Ra7 1-0

[Event "Ch Yugoslavia Open"]
[Site "Baden-Baden GER"]
[Date "1996.??.??"]
[Round "1"]
[White "Kobalia, Mikhail"]
[Black "Asrian, Karen"]
[Result "0-1"]
[WhiteElo "2425"]
[BlackElo "2310"]
[PlyCount "104"]
[EventDate "1996.??.??"]
[Source "www.chesslib.no"]
[SourceDate "2004.05.04"]

1. d4 Nf6 2. c4 e5 3. dxe5 Ne4 4. Nf3 Bb4+ 5. Nbd2 Nc6 6. a3 Nxd2 7. Bxd2 Bxd2+ 8. Qxd2 O-O 9. e3 Qe7 10. Qc3 Re8 11. Be2 Nxe5 12. Nxe5 Qxe5 13. Qxe5 Rxe5 14. O-O d6 15. Bf3 Be6 16. Rac1 a5 17. b3 Rc5 18. a4 Kf8 19. Rfd1 Rb8 20. Rd4 b5 21. axb5 Rbxb5 22. Bd1 d5 23. cxb5 Rxc1 24. Kf1 Ke7 25. Ke2 Rc5 26. b4 Rxb5 27. bxa5 Rxa5 28. h3 Ra2+ 29. Kf3 c5 30. Rd3 c4 31. Rc3 Bf5 32. g4 Be4+ 33. Kg3 g5 34. f3 Bd3 35. f4 f6 36. h4 h6 37. hxg5 hxg5 38. fxg5 fxg5 39. Rc1 Kd6 40. Bf3 Kc5 41. Re1 c3 42. Rd1 c2 43. Rc1 Rb2 44. Bd1 Kd6 45. Bxc2 Rxc2 46. Rd1 Be4 47. Ra1 Kc5 48. Ra4 Rg2+ 49. Kh3 Re2 50. Kg3 Rxe3+ 51. Kf2 Rf3+ 52. Ke2 Rf4 0-1

[Event "Toulon op"]
[Site "Toulon"]
[Date "1996.??.??"]
[Round "4"]
[White "Nikcevic, Nebojsa"]
[Black "Fauvet, Eric"]
[Result "1-0"]
[WhiteElo "2485"]
[BlackElo "2245"]
[PlyCount "43"]
[EventDate "1996.??.??"]
[Source "www.chesslib.no"]
[SourceDate "2004.05.04"]

1. d4 Nf6 2. c4 e5 3. dxe5 Ne4 4. a3 Nc6 5. g3 d6 6. Bg2 Nc5 7. b4 Ne6 8. exd6 Bxd6 9. Nf3 a5 10. b5 Ne7 11. Bb2 O-O 12. Nbd2 Nc5 13. O-O Ng6 14. Qc2 Re8 15. e3 Bg4 16. Nd4 Ne5 17. N2b3 Nxb3 18. Qxb3 Rb8 19. Qc3 Bf8 20. h3 Bh5 21. f4 Nd7 22. g4 1-0

[Event "It (Open) Illertissen GER"]
[Site "?"]
[Date "2005.08.30"]
[Round "4.3"]
[White "Lorscheid Gerhard"]
[Black "Zeller Frank"]
[Result "1/2-1/2"]
[WhiteElo "2285"]
[BlackElo "2439"]
[PlyCount "98"]
[EventDate "2005.??.??"]
[Source "www.chesslib.no"]
[SourceDate "2004.05.04"]

1. d4 Nf6 2. c4 e5 3. dxe5 Ne4 4. Nd2 Nc5 5. Ngf3 Nc6 6. e3 d6 7. exd6 Bxd6 8. Nb3 Qf6 9. Be2 Qg6 10. Nxc5 Bxc5 11. Bd2 Qxg2 12. Rg1 Qh3 13. Rxg7 Qh6 14. Rg1 Bd7 15. a3 O-O-O 16. Qc2 Rhg8 17. O-O-O Qh5 18. b4 Be7 19. Bc3 Bf5 20. Qa4 Rxg1 21. Rxg1 Be4 22. b5 Nb8 23. Nd4 Qxh2 24. Rf1 Bc5 25. Bg4+ Nd7 26. f3 f5 27. Nxf5 h5 28. fxe4 hxg4 29. Qc2 Qh3 30. Qe2 Bxa3+ 31. Kb1 Nb6 32. Bd4 Na4 33. Ka2 Rxd4 34. Kxa3 Nc3 35. Qf2 Rxe4 36. Nd6+ Kd7 37. Nxe4 Nxe4 38. Qf5+ Kd6 39. Qxe4 Qxf1 40. Qd4+ Ke7 41. Qe5+ Kf8 42. Qc5+ Ke8 43. Qe5+ Kf8 44. Qc5+ Kg8 45. Qg5+ Kf7 46. Qh5+ Kf6 47. Qh8+ Kg5 48. Qg7+ Kh4 49. Qh8+ Kg5 1/2-1/2

[Event "BL2-Ost 0001"]
[Site "Germany"]
[Date "2000.10.15"]
[Round "1.3"]
[White "Meister, Peter"]
[Black "Cech, Pavel"]
[Result "1-0"]
[WhiteElo "2390"]
[BlackElo "2330"]
[PlyCount "73"]
[EventDate "2000.10.15"]
[Source "ChessBase"]
[SourceDate "2001.07.03"]

1. d4 Nf6 2. c4 e5 3. dxe5 Ne4 4. a3 d6 5. Nf3 Nc6 6. Qc2 d5 7. Nc3 Nxc3 8. Qxc3 d4 9. Qd3 Bg4 10. g3 a5 11. Bg2 Bc5 12. O-O h6 13. h3 Be6 14. g4 Qd7 15. Bf4 h5 16. Ng5 hxg4 17. Nxe6 Qxe6 18. Bd5 Qd7 19. b4 Bf8 20. Bg3 Nd8 21. Rad1 c6 22. Be4 Ne6 23. e3 axb4 24. axb4 Bxb4 25. exd4 Ra3 26. Qb1 Qe7 27. hxg4 Ng5 28. Bg2 Nh3+ 29. Bxh3 Rxh3 30. Kg2 Rh8 31. d5 Qc5 32. Qf5 Ra8 33. e6 Qe7 34. Rh1 Rf8 35. Bh4 f6 36. d6 Bxd6 37. c5 1-0

[Event "It (Open) Krakow POL"]
[Site "?"]
[Date "2005.12.30"]
[Round "5"]
[White "Carstensen Jacob"]
[Black "Heinzel Olaf"]
[Result "1/2-1/2"]
[WhiteElo "2315"]
[BlackElo "2401"]
[PlyCount "22"]
[EventDate "2005.??.??"]
[Source "www.chesslib.no"]
[SourceDate "2004.05.04"]

1. d4 Nf6 2. c4 e5 3. dxe5 Ne4 4. Nf3 Nc6 5. e3 Bb4+ 6. Nbd2 O-O 7. Bd3 Nxd2 8. Bxd2 Bxd2+ 9. Qxd2 Qe7 10. Qc3 Re8 11. O-O Nxe5 1/2-1/2

[Event "NOR Ch"]
[Site "Norway"]
[Date "1993.??.??"]
[Round "5"]
[White "Haugli, Petter"]
[Black "Fossan, Petter"]
[Result "1/2-1/2"]
[WhiteElo "2395"]
[BlackElo "2315"]
[PlyCount "53"]
[EventDate "1993.??.??"]
[Source "www.chesslib.no"]
[SourceDate "2004.05.04"]

1. d4 Nf6 2. c4 e5 3. dxe5 Ne4 4. Nd2 Bb4 5. Ngf3 Nc6 6. a3 Bxd2+ 7. Nxd2 Nxd2 8. Qxd2 Nxe5 9. b3 Qe7 10. e3 b6 11. Bb2 Bb7 12. O-O-O O-O-O 13. Qc3 f6 14. f3 d5 15. cxd5 Rxd5 16. Rxd5 Bxd5 17. Ba6+ Bb7 18. Bxb7+ Kxb7 19. Rd1 Rd8 20. Rxd8 Qxd8 21. Qd4 Qxd4 22. Bxd4 Nd7 23. Kc2 Kc6 24. e4 Kd6 25. Kc3 c5 26. Bf2 Kc6 27. Be3 1/2-1/2